<?xml version="1.0" encoding="UTF-8"?><?xml-stylesheet type="text/xsl" href="static/style.xsl"?><OAI-PMH xmlns="http://www.openarchives.org/OAI/2.0/" xmlns:xsi="http://www.w3.org/2001/XMLSchema-instance" xsi:schemaLocation="http://www.openarchives.org/OAI/2.0/ http://www.openarchives.org/OAI/2.0/OAI-PMH.xsd"><responseDate>2026-04-19T05:27:49Z</responseDate><request verb="GetRecord" identifier="oai:riubu.ubu.es:10259/8487" metadataPrefix="marc">https://riubu.ubu.es/oai/request</request><GetRecord><record><header><identifier>oai:riubu.ubu.es:10259/8487</identifier><datestamp>2024-05-10T11:49:44Z</datestamp><setSpec>com_10259_4386</setSpec><setSpec>com_10259_5086</setSpec><setSpec>com_10259_2604</setSpec><setSpec>col_10259_4387</setSpec></header><metadata><record xmlns="http://www.loc.gov/MARC21/slim" xmlns:doc="http://www.lyncode.com/xoai" xmlns:xsi="http://www.w3.org/2001/XMLSchema-instance" xmlns:dcterms="http://purl.org/dc/terms/" xsi:schemaLocation="http://www.loc.gov/MARC21/slim http://www.loc.gov/standards/marcxml/schema/MARC21slim.xsd">
<leader>00925njm 22002777a 4500</leader>
<datafield tag="042" ind1=" " ind2=" ">
<subfield code="a">dc</subfield>
</datafield>
<datafield tag="720" ind1=" " ind2=" ">
<subfield code="a">Baños Martínez, Vanesa</subfield>
<subfield code="e">author</subfield>
</datafield>
<datafield tag="720" ind1=" " ind2=" ">
<subfield code="a">Limón Mendizábal, María Rosario</subfield>
<subfield code="e">author</subfield>
</datafield>
<datafield tag="260" ind1=" " ind2=" ">
<subfield code="c">2022-12</subfield>
</datafield>
<datafield tag="520" ind1=" " ind2=" ">
<subfield code="a">The aim of this research, based on a literature review, is to raise awareness of a new&#xd;
reality associated with ageing, the silver economy, which has great potential not only&#xd;
because of the economic resources it is expected to mobilise but also because of the&#xd;
prominence and relevance given to older people as consumers of specialised products&#xd;
and services. The results give a clear picture of a scenario under construction, where&#xd;
European institutions seek to give visibility and impetus to this reality but society is&#xd;
not yet fully prepared to integrate this change.</subfield>
</datafield>
<datafield tag="520" ind1=" " ind2=" ">
<subfield code="a">El objetivo de esta investigación, basada en una revisión bibliográfica, es dar a&#xd;
conocer una nueva realidad asociada al envejecimiento, la silver economy o economía&#xd;
plateada, que presenta un gran potencial no solo por los recursos económicos que&#xd;
prevé movilizar sino también por el protagonismo y relevancia con los que se dota&#xd;
a las personas mayores como consumidores de productos y servicios especializados.&#xd;
Los resultados dejan nítida la imagen de un escenario en construcción, donde las&#xd;
instituciones europeas buscan dar visibilidad e impulso a esta realidad pero la&#xd;
sociedad aún no está completamente preparada para integrar este cambio.</subfield>
</datafield>
<datafield tag="024" ind2=" " ind1="8">
<subfield code="a">2695-9933</subfield>
</datafield>
<datafield tag="024" ind2=" " ind1="8">
<subfield code="a">http://hdl.handle.net/10259/8487</subfield>
</datafield>
<datafield tag="024" ind2=" " ind1="8">
<subfield code="a">10.37467/revtechno.v11.4470</subfield>
</datafield>
<datafield ind1=" " ind2=" " tag="653">
<subfield code="a">Silver Economy</subfield>
</datafield>
<datafield ind1=" " ind2=" " tag="653">
<subfield code="a">Ageing</subfield>
</datafield>
<datafield ind1=" " ind2=" " tag="653">
<subfield code="a">Participation</subfield>
</datafield>
<datafield ind1=" " ind2=" " tag="653">
<subfield code="a">Demographic transition</subfield>
</datafield>
<datafield ind1=" " ind2=" " tag="653">
<subfield code="a">Elderly</subfield>
</datafield>
<datafield ind1=" " ind2=" " tag="653">
<subfield code="a">Envejecimiento</subfield>
</datafield>
<datafield ind1=" " ind2=" " tag="653">
<subfield code="a">Participación</subfield>
</datafield>
<datafield ind1=" " ind2=" " tag="653">
<subfield code="a">Transición demográfica</subfield>
</datafield>
<datafield ind1=" " ind2=" " tag="653">
<subfield code="a">Personas mayores</subfield>
</datafield>
<datafield tag="245" ind1="0" ind2="0">
<subfield code="a">Investigación sobre la producción científica en relación con la silver economy</subfield>
</datafield>
</record></metadata></record></GetRecord></OAI-PMH>